| 000 | 00412nam a22001577a 4500 | ||
|---|---|---|---|
| 005 | 20241218171743.0 | ||
| 008 | 241218b |||||||| |||| 00| 0 eng d | ||
| 020 | _a9780716944102 | ||
| 050 | _aPE 1112 MAC | ||
| 100 | _aGIBSON, ROBERT | ||
| 245 |
_aANSWERS TO THE FIRST AID IN ENGLISH _cROBERT GIBSON |
||
| 250 | _aREVISED | ||
| 260 |
_aGLASGOW _bROBERT GIBSON _cc1986 |
||
| 300 | _a64pages | ||
| 942 |
_2lcc _cBK _n0 |
||
| 999 |
_c2451 _d2451 |
||